[Event "SportAccord Blitz w 2014"]
[Site "Beijing CHN"]
[Date "2014.12.13"]
[Round "1.1"]
[White "Stefanova, Antoaneta"]
[Black "Hou, Yifan"]
[Result "1/2-1/2"]
[WhiteTitle "GM"]
[BlackTitle "GM"]
[WhiteElo "2517"]
[BlackElo "2673"]
[WhiteFideId "2902257"]
[BlackFideId "8602980"]
[EventDate "2014.12.13"]

1. d4 e6 2. Nf3 c5 3. e3 b6 4. Bd3 Nf6 5. O-O Be7 6. c4 Bb7 7. Nc3 O-O 8. d5
exd5 9. cxd5 a6 10. a4 Nxd5 11. Nxd5 Bxd5 12. Bxh7+ Kxh7 13. Qxd5 Nc6 14. Rd1
Qc7 15. e4 Rad8 16. Bg5 Kg8 17. Bxe7 Nxe7 18. Qh5 Qc6 19. Ng5 Qh6 20. Qxh6 gxh6
21. Nf3 d6 22. Rd2 f5 23. Re1 Kf7 24. h4 Rg8 25. exf5 Nxf5 26. Rd5 Kf6 27. Kh2
Rg4 28. b3 Nxh4 29. Nxh4 Rxh4+ 30. Kg1 Rb4 31. Re3 Rf4 32. Rh3 Kg7 33. Rg3+ Kf7
34. Rh3 Rf6 35. Rg3 Re8 36. Rgd3 Ree6 37. Kh2 Ke7 38. f3 Kd7 39. Rh5 Kc6 40. g4
b5 41. axb5+ axb5 42. g5 Rf5 43. Rxh6 Rxh6+ 44. gxh6 Rh5+ 45. Kg3 Rxh6 46. f4 c4
47. bxc4 bxc4 48. Rd1 Kc5 49. f5 d5 50. Kf4 c3 51. Ke5 Rd6 52. f6 d4 53. f7 Rd8
54. Rxd4 Rf8 55. Rd7 Kc6 56. Rd3 Rxf7 57. Rxc3+ 1/2-1/2

[Event "SportAccord Blitz w 2014"]
[Site "Beijing CHN"]
[Date "2014.12.13"]
[Round "1.2"]
[White "Paehtz, Elisabeth"]
[Black "Koneru, Humpy"]
[Result "0-1"]
[WhiteTitle "IM"]
[BlackTitle "GM"]
[WhiteElo "2485"]
[BlackElo "2581"]
[WhiteFideId "4641833"]
[BlackFideId "5008123"]
[EventDate "2014.12.13"]

1. e4 e5 2. Nf3 Nf6 3. Nc3 Nc6 4. d4 exd4 5. Nxd4 Bb4 6. Nxc6 bxc6 7. Bd3 O-O 8.
O-O d5 9. exd5 cxd5 10. Bg5 c6 11. h3 h6 12. Bh4 Bd6 13. Qf3 Rb8 14. Rab1 Rb4
15. Bg3 Re8 16. b3 Bxg3 17. Qxg3 Rb7 18. Rfe1 Rbe7 19. Rxe7 Qxe7 20. Rd1 Nh5 21.
Qf3 Qg5 22. Bf1 Nf4 23. Kh1 Ng6 24. Ne2 Bf5 25. Nd4 Be4 26. Qg3 c5 27. Nf3 Qf5
28. Nh4 Nxh4 29. Qxh4 Bxc2 30. Rc1 d4 31. Bb5 Re5 32. Qd8+ Kh7 33. Qb8 Qf4 34.
Rg1 Rf5 35. Qd8 Qxf2 36. Qd7 Be4 37. Bc4 Qg3 0-1

[Event "SportAccord Blitz w 2014"]
[Site "Beijing CHN"]
[Date "2014.12.13"]
[Round "1.3"]
[White "Ushenina, Anna"]
[Black "Ju, Wenjun"]
[Result "0-1"]
[WhiteTitle "GM"]
[BlackTitle "GM"]
[WhiteElo "2494"]
[BlackElo "2568"]
[WhiteFideId "14110911"]
[BlackFideId "8603006"]
[EventDate "2014.12.13"]

1. d4 f5 2. g3 Nf6 3. Bg2 g6 4. b3 Bg7 5. Bb2 O-O 6. Nd2 d6 7. d5 c6 8. c4 e5 9.
dxe6 Bxe6 10. Nh3 Na6 11. O-O h6 12. Nf4 Bf7 13. Nf3 Re8 14. e3 Nc5 15. Qc2 g5
16. Ne2 Bg6 17. Rad1 Qe7 18. Ned4 Nce4 19. Qc1 Rad8 20. Nc2 Kh7 21. a3 a6 22. b4
Qf7 23. Ncd4 Ng4 24. Nb3 Ngf6 25. Na5 Bh5 26. Rd3 Qc7 27. Qa1 b6 28. Nb3 c5 29.
Rc1 Bg6 30. Rdd1 Bh5 31. Rd3 Bg6 32. Rdd1 Bh5 33. Rf1 Qf7 34. Rfd1 f4 35. exf4
gxf4 36. Rf1 Qg6 37. Nh4 Qf7 38. Qb1 Kh8 39. Nf5 f3 40. Bh1 Bg4 41. Nxg7 Qxg7
42. Rfe1 Kg8 43. Re3 Ng5 44. Rce1 Nh3+ 45. Kf1 Rxe3 46. Rxe3 Ng5 47. h4 Nh3 48.
Ke1 Qf7 49. Qd3 Re8 50. Rxe8+ Qxe8+ 51. Qe3 Qxe3+ 52. fxe3 Ne4 53. bxc5 f2+ 54.
Kf1 Nxg3+ 55. Kg2 f1=Q+ 56. Kxg3 Be6 57. cxd6 Qf2# 0-1

[Event "SportAccord Blitz w 2014"]
[Site "Beijing CHN"]
[Date "2014.12.13"]
[Round "1.5"]
[White "Khotenashvili, Bela"]
[Black "Harika, Dronavalli"]
[Result "0-1"]
[WhiteTitle "GM"]
[BlackTitle "GM"]
[WhiteElo "2504"]
[BlackElo "2505"]
[WhiteFideId "13602640"]
[BlackFideId "5015197"]
[EventDate "2014.12.13"]

1. d4 Nf6 2. Nf3 d6 3. Bf4 g6 4. Nbd2 Bg7 5. h3 O-O 6. e3 c5 7. c3 Be6 8. Be2
Qb6 9. Qc2 Nc6 10. O-O Rac8 11. dxc5 Qxc5 12. e4 Qb6 13. Be3 Qc7 14. Qa4 a6 15.
Nd4 Bd7 16. Qb3 b5 17. a4 Nxd4 18. Bxd4 bxa4 19. Qa3 Qb7 20. Bd3 Rb8 21. Rab1
Bb5 22. c4 Bc6 23. Rfe1 Qb4 24. Qxb4 Rxb4 25. Bc3 Rbb8 26. Nf3 Nd7 27. Bxg7 Kxg7
28. Nd4 Rfc8 29. f4 e5 30. fxe5 dxe5 31. Nf3 f6 32. g4 Nc5 33. Bc2 h6 34. Kf2
Rb4 35. Nd2 Rcb8 36. Ke3 Rxb2 37. Red1 a3 38. Rxb2 Rxb2 39. Rc1 a2 40. Bd1 Ba4
41. Ra1 Bxd1 42. Rxd1 Nb3 43. c5 Nxd2 44. c6 Rc2 45. Rxd2 Rxd2 46. c7 Rc2 0-1

[Event "SportAccord Blitz w 2014"]
[Site "Beijing CHN"]
[Date "2014.12.13"]
[Round "1.6"]
[White "Cramling, Pia"]
[Black "Kosintseva, Tatiana"]
[Result "0-1"]
[WhiteTitle "GM"]
[BlackTitle "GM"]
[WhiteElo "2518"]
[BlackElo "2483"]
[WhiteFideId "1700030"]
[BlackFideId "4133471"]
[EventDate "2014.12.13"]

1. Nf3 Nf6 2. c4 e6 3. g3 d5 4. Bg2 Be7 5. O-O O-O 6. b3 d4 7. e3 c5 8. exd4
cxd4 9. d3 Nc6 10. Re1 Re8 11. a3 a5 12. Ne5 Nxe5 13. Rxe5 Nd7 14. Re1 Nc5 15.
Qc2 Bf6 16. Nd2 e5 17. Ne4 Nxe4 18. Bxe4 Qc7 19. Bd2 Bd7 20. b4 axb4 21. axb4 g6
22. b5 Bg7 23. Qb2 f5 24. b6 Qc8 25. Rxa8 Qxa8 26. Bd5+ Be6 27. Bxe6+ Rxe6 28.
Ra1 Qc8 29. Ra7 e4 30. Qa2 Re8 31. c5+ Kh8 32. Qd5 e3 33. Be1 Rg8 34. Rxb7 Qa8
35. fxe3 dxe3 36. c6 Qa1 37. Kf1 e2+ 38. Kf2 Bd4+ 39. Kf3 0-1

[Event "SportAccord Blitz w 2014"]
[Site "Beijing CHN"]
[Date "2014.12.13"]
[Round "1.7"]
[White "Muzychuk, Mariya"]
[Black "Muzychuk, Anna"]
[Result "0-1"]
[WhiteTitle "IM"]
[BlackTitle "GM"]
[WhiteElo "2529"]
[BlackElo "2545"]
[WhiteFideId "14114550"]
[BlackFideId "14111330"]
[EventDate "2014.12.13"]

1. e4 c5 2. Nf3 Nc6 3. c3 Nf6 4. e5 Nd5 5. d4 cxd4 6. cxd4 d6 7. Bc4 dxe5 8.
dxe5 Ndb4 9. Qe2 Bf5 10. O-O Bd3 11. Bxd3 Qxd3 12. Nc3 e6 13. Bf4 Qxe2 14. Nxe2
Nd5 15. Bg3 Be7 16. Rfd1 O-O-O 17. a3 g5 18. h3 h5 19. b4 Kb8 20. Nd2 Rdg8 21.
Ne4 h4 22. Bh2 g4 23. hxg4 Rxg4 24. f3 Rgg8 25. Nf4 Ne3 26. Rd7 Rd8 27. Rxd8+
Rxd8 28. Kf2 Nc4 29. Ne2 N6xe5 30. Rc1 Ka8 31. Rc3 Nd3+ 32. Kg1 b5 33. Nf4 Ndb2
34. Kf1 Rd1+ 35. Ke2 Rh1 0-1

[Event "SportAccord Blitz w 2014"]
[Site "Beijing CHN"]
[Date "2014.12.13"]
[Round "1.8"]
[White "Zhao, Xue"]
[Black "Dzagnidze, Nana"]
[Result "0-1"]
[WhiteTitle "GM"]
[BlackTitle "GM"]
[WhiteElo "2514"]
[BlackElo "2570"]
[WhiteFideId "8601283"]
[BlackFideId "13601903"]
[EventDate "2014.12.13"]

1. Nf3 Nf6 2. g3 d5 3. Bg2 c6 4. d3 Bg4 5. Nbd2 Nbd7 6. h3 Bh5 7. g4 Bg6 8. Nh4
e6 9. e3 Bd6 10. b3 a5 11. a3 O-O 12. Bb2 Be5 13. d4 Bd6 14. Nxg6 fxg6 15. c4
Qe7 16. g5 Nh5 17. Qg4 Kh8 18. f4 c5 0-1

[Event "SportAccord Blitz w 2014"]
[Site "Beijing CHN"]
[Date "2014.12.13"]
[Round "2.1"]
[White "Muzychuk, Anna"]
[Black "Zhao, Xue"]
[Result "1-0"]
[WhiteTitle "GM"]
[BlackTitle "GM"]
[WhiteElo "2545"]
[BlackElo "2514"]
[WhiteFideId "14111330"]
[BlackFideId "8601283"]
[EventDate "2014.12.13"]

1. e4 d5 2. exd5 Qxd5 3. Nc3 Qd6 4. d4 Nf6 5. Nf3 g6 6. Bd3 Bg7 7. O-O a6 8. Re1
O-O 9. Ne4 Nxe4 10. Bxe4 Nd7 11. c3 Nf6 12. Bc2 c5 13. dxc5 Qxc5 14. Be3 Qc7 15.
Bd4 Rd8 16. Qe2 e6 17. Ne5 Nd5 18. a4 b6 19. Ng4 Bxd4 20. cxd4 h5 21. Ne5 Bb7
22. Be4 Nf4 23. Qf3 Bxe4 24. Rxe4 Nd5 25. Rae1 Rac8 26. g4 hxg4 27. Rxg4 Qe7 28.
Nxg6 fxg6 29. Rxg6+ Kh8 30. Qh5+ Qh7 31. Rh6 Rg8+ 32. Kh1 Rc7 33. Rxh7+ Rxh7 34.
Qe5+ Rhg7 35. Re4 Kh7 36. Rh4+ 1-0

[Event "SportAccord Blitz w 2014"]
[Site "Beijing CHN"]
[Date "2014.12.13"]
[Round "2.2"]
[White "Kosintseva, Tatiana"]
[Black "Muzychuk, Mariya"]
[Result "1-0"]
[WhiteTitle "GM"]
[BlackTitle "IM"]
[WhiteElo "2483"]
[BlackElo "2529"]
[WhiteFideId "4133471"]
[BlackFideId "14114550"]
[EventDate "2014.12.13"]

1. e4 c5 2. Nf3 e6 3. d4 cxd4 4. Nxd4 Nf6 5. Nc3 Nc6 6. Nxc6 bxc6 7. e5 Nd5 8.
Ne4 Qc7 9. f4 Qa5+ 10. Bd2 Qb6 11. Bd3 Be7 12. c4 f5 13. cxd5 fxe4 14. Bxe4 cxd5
15. Qh5+ Kf8 16. Bd3 Qd4 17. Qe2 Rb8 18. Bc3 Bb4 19. Rc1 Bb7 20. Bxb4+ Qxb4+ 21.
Qd2 Qd4 22. Be2 Qxd2+ 23. Kxd2 Bc6 24. b3 Ke7 25. Bd3 Rb4 26. g3 h6 27. Rc5 Rhb8
28. Ra5 R8b7 29. h4 d6 30. exd6+ Kxd6 31. Re1 R4b6 32. Rc1 Bb5 33. Bxb5 Rxb5 34.
Rxb5 Rxb5 35. Rc8 Rb7 36. Kd3 e5 37. Rd8+ Ke7 38. Rxd5 exf4 39. gxf4 Kf6 40. h5
Re7 41. Ra5 Rd7+ 42. Kc4 Rc7+ 43. Kd4 Rd7+ 44. Ke4 Re7+ 45. Re5 Rc7 46. Rf5+ Ke6
47. Ra5 Kf6 48. Ra6+ Kf7 49. f5 Re7+ 50. Kf4 Rc7 51. Ke5 Rc5+ 52. Ke4 Rc7 53. a3
Kg8 54. b4 Re7+ 55. Kf4 Rc7 56. Ke5 Re7+ 57. Re6 Rc7 58. Ra6 Re7+ 59. Kd5 Rf7
60. Ke4 Re7+ 61. Re6 Rc7 62. Kd4 Rf7 63. Re5 Rd7+ 64. Rd5 Rc7 65. b5 Rc1 66.
Rd8+ Kh7 67. Ra8 Rb1 68. Kc4 Rc1+ 69. Kb4 Rc7 70. a4 Rf7 71. a5 Rxf5 72. Rxa7
Rxh5 73. b6 Rh1 74. b7 Rb1+ 75. Kc5 h5 76. a6 h4 77. Ra8 h3 78. b8=Q 1-0

[Event "SportAccord Blitz w 2014"]
[Site "Beijing CHN"]
[Date "2014.12.13"]
[Round "2.3"]
[White "Harika, Dronavalli"]
[Black "Cramling, Pia"]
[Result "1-0"]
[WhiteTitle "GM"]
[BlackTitle "GM"]
[WhiteElo "2505"]
[BlackElo "2518"]
[WhiteFideId "5015197"]
[BlackFideId "1700030"]
[EventDate "2014.12.13"]

1. Nf3 d5 2. c4 dxc4 3. e3 b5 4. a4 b4 5. Bxc4 e6 6. O-O Nf6 7. d3 Nbd7 8. a5 a6
9. Nbd2 Bb7 10. e4 Be7 11. Nb3 O-O 12. h3 c5 13. Be3 Rc8 14. Qe2 Qc7 15. Rfd1
Qb8 16. Nbd2 Rfe8 17. Bb3 Bc6 18. Nc4 Bb5 19. Nfd2 Ne5 20. Nxe5 Qxe5 21. Nc4 Qb8
22. f4 Rcd8 23. Rf1 Bf8 24. Rad1 Qc7 25. Qc2 Nd7 26. f5 exf5 27. Rxf5 g6 28. Rf2
Bxc4 29. Bxc4 Ne5 30. Bf4 Rd7 31. Rdf1 Kh8 32. Bxe5+ Qxe5 33. Rxf7 Rxf7 34. Rxf7
Bd6 35. Qf2 Qh2+ 36. Kf1 Qe5 37. Qf6+ Qxf6+ 38. Rxf6 Rf8 39. Rxf8+ Bxf8 40. Bxa6
Bg7 41. Bc4 Be5 42. a6 Bb8 43. e5 Kg7 44. Ke2 Kf8 45. Kf3 Ke7 46. Ke4 1-0

[Event "SportAccord Blitz w 2014"]
[Site "Beijing CHN"]
[Date "2014.12.13"]
[Round "2.4"]
[White "Gunina, Valentina"]
[Black "Khotenashvili, Bela"]
[Result "1-0"]
[WhiteTitle "GM"]
[BlackTitle "GM"]
[WhiteElo "2522"]
[BlackElo "2504"]
[WhiteFideId "4167570"]
[BlackFideId "13602640"]
[EventDate "2014.12.13"]

1. Nf3 Nf6 2. g3 g6 3. c4 Bg7 4. Bg2 O-O 5. O-O c5 6. Nc3 Nc6 7. d3 d5 8. cxd5
Nxd5 9. Qb3 Nc7 10. Bd2 Rb8 11. Rac1 b6 12. Qa4 Bd7 13. Qh4 e5 14. Bg5 f6 15.
Bd2 Nd4 16. Nxd4 exd4 17. Nd5 Nxd5 18. Bxd5+ Kh8 19. e4 dxe3 20. Bxe3 Bf5 21.
Qc4 Qd7 22. Rfd1 Rbd8 23. Be4 Be6 24. Qc2 f5 25. Bg2 Bd4 26. Bxd4+ Qxd4 27. Re1
Bg8 28. Re7 Rf7 29. Rxf7 Bxf7 30. Bf1 Re8 31. a3 Kg7 32. Qd2 h6 33. b4 cxb4 34.
axb4 Re7 35. Rb1 h5 36. h4 f4 37. Qxf4 Qxf4 38. gxf4 Kf6 39. Kg2 Be6 40. Ra1 Rd7
41. Kf3 Bd5+ 42. Ke3 Be6 43. Bg2 Rc7 44. Be4 Bf5 45. f3 Ke6 46. d4 Rc3+ 47. Kd2
Rc7 48. Kd3 Kd6 49. Bxf5 gxf5 50. Rg1 a5 51. Rg6+ Kd5 52. Rxb6 axb4 53. Rxb4 Rc1
54. Rb5+ Ke6 55. Rb6+ Kd7 56. Rf6 Rh1 57. Rxf5 Rxh4 58. Ke4 Rh1 59. Kd5 h4 60.
Rf7+ Ke8 61. Rh7 h3 62. Kd6 h2 63. d5 Kf8 64. f5 Kg8 65. Rh5 Kf7 66. Rh6 Kg7 67.
Rh5 Kf7 68. f6 Kxf6 69. f4 Kg6 70. Rh4 Kf6 71. Rh6+ Kg7 72. Rh5 Kg6 73. Rg5+ Kf6
74. Rg2 Kf5 75. Rf2 Kf6 76. f5 Kf7 77. f6 Kg8 78. Kd7 Rd1 79. Rxh2 Rxd5+ 80. Ke6
Ra5 81. f7+ Kg7 82. Rg2+ 1-0

[Event "SportAccord Blitz w 2014"]
[Site "Beijing CHN"]
[Date "2014.12.13"]
[Round "2.6"]
[White "Koneru, Humpy"]
[Black "Ushenina, Anna"]
[Result "1/2-1/2"]
[WhiteTitle "GM"]
[BlackTitle "GM"]
[WhiteElo "2581"]
[BlackElo "2494"]
[WhiteFideId "5008123"]
[BlackFideId "14110911"]
[EventDate "2014.12.13"]

1. d4 d5 2. Nf3 c6 3. e3 Bf5 4. c4 e6 5. Nc3 Nd7 6. Bd3 Bg6 7. O-O Ngf6 8. b3
Bd6 9. Bb2 O-O 10. Bxg6 hxg6 11. h3 Qb8 12. Qc2 b5 13. c5 Be7 14. b4 a5 15. a3
Ra6 16. e4 dxe4 17. Nxe4 Nxe4 18. Qxe4 Nf6 19. Qc2 Nd5 20. Bc3 Bf6 21. Bd2 axb4
22. axb4 Qa7 23. Bc3 Ra8 24. Rxa6 Qxa6 25. Ra1 Qb7 26. Qb2 Ra6 27. Nd2 Qa7 28.
Ra5 Bd8 29. Rxa6 Qxa6 30. Nb3 Qa4 31. Nc1 Qd1+ 32. Kh2 Bc7+ 33. g3 Qf3 34. Be1
Qe4 35. Qd2 g5 36. Nb3 g4 37. hxg4 Qxg4 38. Na5 Ne7 39. Qe3 Qd1 40. Qe4 Bxa5 41.
bxa5 Qb3 42. Qh4 Nf5 43. Qd8+ Kh7 44. g4 Nh6 45. Qh4 Qd1 46. g5 Qxe1 47. gxh6
Qxa5 48. hxg7+ Kxg7 49. Qg5+ Kf8 50. Qh6+ Ke7 51. Qg5+ Kf8 52. Qh6+ Ke7 53. Qg5+
Kf8 54. Qh6+ Ke7 55. Qg5+ Kf8 56. Qh6+ 1/2-1/2

[Event "SportAccord Blitz w 2014"]
[Site "Beijing CHN"]
[Date "2014.12.13"]
[Round "2.7"]
[White "Stefanova, Antoaneta"]
[Black "Paehtz, Elisabeth"]
[Result "0-1"]
[WhiteTitle "GM"]
[BlackTitle "IM"]
[WhiteElo "2517"]
[BlackElo "2485"]
[WhiteFideId "2902257"]
[BlackFideId "4641833"]
[EventDate "2014.12.13"]

1. d4 d6 2. e4 g6 3. Nc3 Bg7 4. Nge2 a6 5. h3 b5 6. g4 Bb7 7. Bg2 Nf6 8. Ng3 h5
9. g5 Nfd7 10. h4 c5 11. d5 Qa5 12. Bd2 b4 13. Nce2 Bxb2 14. Rb1 Bg7 15. O-O
Qxa2 16. f4 a5 17. f5 Ne5 18. f6 exf6 19. gxf6 Bh6 20. Bxh6 Rxh6 21. c3 Qc4 22.
Qa4+ Nbd7 23. Bh3 Ng4 24. Rf3 Rc8 25. Bf1 Qa6 26. Nd4 Qb6 27. Nb5 Nge5 28. Rf2
Ba6 29. c4 Bxb5 30. cxb5 c4 31. Kg2 Ng4 32. Ra2 b3 33. Raa1 Nde5 34. Qxa5 Qxa5
35. Rxa5 Nxf6 36. b6 Nfd7 37. b7 Rb8 38. Ra4 Rxb7 39. Bxc4 Nc5 40. Ra8+ Ke7 41.
Ba6 Rb6 42. Ra7+ Kf6 43. Be2 Rh8 44. Nf1 Rhb8 45. Nd2 R8b7 46. Ra8 Kg7 47. Rb2
Rb4 48. Rd8 R7b6 49. Bf3 Na4 50. Rb1 b2 51. Rc8 Nd3 52. Be2 Nf4+ 53. Kf3 Nxe2
54. Kxe2 Rd4 55. Ke3 Rdb4 56. Nc4 Nc3 57. Rxb2 Nd1+ 58. Kd2 Nxb2 59. Nxb6 Rxb6
60. Rc6 Rxc6 61. dxc6 Nc4+ 62. Kc3 Nb6 63. Kb4 Kf8 64. Kb5 Nc8 65. c7 Ke7 66.
Kc6 f5 67. exf5 gxf5 0-1

[Event "SportAccord Blitz w 2014"]
[Site "Beijing CHN"]
[Date "2014.12.13"]
[Round "2.8"]
[White "Hou, Yifan"]
[Black "Dzagnidze, Nana"]
[Result "1-0"]
[WhiteTitle "GM"]
[BlackTitle "GM"]
[WhiteElo "2673"]
[BlackElo "2570"]
[WhiteFideId "8602980"]
[BlackFideId "13601903"]
[EventDate "2014.12.13"]

1. e4 e6 2. d4 d5 3. Nd2 Nf6 4. e5 Nfd7 5. Bd3 c5 6. c3 b6 7. Ndf3 Ba6 8. Bxa6
Nxa6 9. Ne2 Be7 10. O-O b5 11. Nf4 g6 12. Re1 b4 13. c4 Nb6 14. cxd5 exd5 15. e6
f6 16. Qc2 Qd6 17. a3 c4 18. axb4 Nxb4 19. Qe2 a5 20. Nh4 Rg8 21. g3 Nc6 22. Be3
O-O-O 23. Nf3 Kb7 24. Bd2 Ra8 25. Bc3 g5 26. Nh5 h6 27. g4 Qc7 28. Ng3 Qf4 29.
h3 Qc7 30. Nf5 Rh8 31. Kg2 h5 32. Qd2 hxg4 33. hxg4 Rh7 34. Rh1 Rah8 35. Rxh7
Rxh7 36. Bxa5 Nxa5 37. Qxa5 Qf4 38. Qa6+ Kc6 39. Ne3 Bd6 40. Qxb6+ Kxb6 41.
Nxd5+ Kc6 42. Nxf4 Bxf4 43. Ra5 Rb7 44. d5+ Kd6 45. Nd4 Rxb2 46. Nf5+ Kc7 47.
Ra7+ Kb6 48. e7 Re2 49. Ra8 c3 50. Rc8 Bc7 51. e8=Q Rxe8 52. Rxe8 c2 53. Re1 Bf4
54. Ne3 1-0

[Event "SportAccord Blitz w 2014"]
[Site "Beijing CHN"]
[Date "2014.12.13"]
[Round "3.2"]
[White "Khotenashvili, Bela"]
[Black "Ju, Wenjun"]
[Result "1/2-1/2"]
[WhiteTitle "GM"]
[BlackTitle "GM"]
[WhiteElo "2504"]
[BlackElo "2568"]
[WhiteFideId "13602640"]
[BlackFideId "8603006"]
[EventDate "2014.12.13"]

1. d4 Nf6 2. Nc3 d5 3. Bf4 c6 4. e3 Bf5 5. f3 e6 6. g4 Bg6 7. h4 h6 8. h5 Bh7 9.
Bd3 Bxd3 10. Qxd3 Bd6 11. Nge2 Bxf4 12. Nxf4 Nbd7 13. O-O-O Qe7 14. e4 dxe4 15.
Nxe4 O-O-O 16. Kb1 Nxe4 17. Qxe4 Nf6 18. Qe5 Qc7 19. Rhe1 Rd7 20. c3 Rhd8 21.
Qxc7+ Kxc7 22. Nd3 Nd5 23. Kc2 b6 24. Ne5 Re7 25. c4 Nf6 26. Kc3 Nd7 27. f4 Nxe5
28. dxe5 Red7 29. Rxd7+ Rxd7 30. g5 c5 31. gxh6 gxh6 32. b4 Rd4 33. Rf1 Re4 34.
b5 Kd7 35. Kd3 Rd4+ 36. Kc3 Re4 37. Kd3 Rd4+ 38. Kc3 Ke7 39. f5 Rh4 40. f6+ Kd7
41. Rg1 Rh3+ 42. Kc2 Rxh5 43. Rg7 Rxe5 44. Rxf7+ Kd6 45. Rxa7 Rf5 46. f7 h5 47.
Rb7 Ke5 48. Rxb6 Rxf7 49. Rb8 Kd4 50. Rh8 Kxc4 51. b6 Rf2+ 52. Kb1 Rf1+ 53. Kb2
Rf2+ 54. Ka3 Rf7 55. Ka4 Kc3 56. Rxh5 c4 57. Re5 Kb2 58. Rxe6 c3 59. Kb5 c2 60.
Rc6 c1=Q 61. Rxc1 Kxc1 62. a4 Rf5+ 63. Ka6 Kb2 64. b7 Rf8 65. Kb6 Kb3 66. a5 Kb4
67. a6 Rf6+ 68. Kc7 Rf7+ 69. Kd6 Rf6+ 70. Ke5 Rb6 71. a7 Rb5+ 72. Kd6 Rxb7 73.
a8=Q Rb5 74. Qa2 Rb6+ 75. Kd5 Rb5+ 76. Kd4 Rb6 77. Qb2+ Ka5 78. Qa3+ Kb5 79.
Qc5+ Ka6 80. Qc4+ Kb7 81. Kd5 Kb8 82. Qc5 Kb7 83. Qe7+ Kb8 84. Kc5 Ra6 85. Kb5
Ra7 86. Qd8+ Kb7 87. Qb6+ Ka8 88. Qd6 Rb7+ 89. Kc6 Rb6+ 1/2-1/2

[Event "SportAccord Blitz w 2014"]
[Site "Beijing CHN"]
[Date "2014.12.13"]
[Round "3.3"]
[White "Cramling, Pia"]
[Black "Gunina, Valentina"]
[Result "0-1"]
[WhiteTitle "GM"]
[BlackTitle "GM"]
[WhiteElo "2518"]
[BlackElo "2522"]
[WhiteFideId "1700030"]
[BlackFideId "4167570"]
[EventDate "2014.12.13"]

1. Nf3 d5 2. d4 Nf6 3. c4 c6 4. Nc3 dxc4 5. e4 b5 6. e5 Nd5 7. a4 Nxc3 8. bxc3
e6 9. axb5 cxb5 10. Ng5 Bb7 11. Qh5 g6 12. Qh3 Nd7 13. Rb1 a6 14. Bxc4 Qc7 15.
Bxe6 Nxe5 16. Bf4 Nd3+ 17. Qxd3 Qxf4 18. Bxf7+ Kd7 19. Qh3+ Kc6 20. Qg3 Bd6 21.
Qxf4 Bxf4 22. Ne6 Bd6 23. O-O Kd7 24. Ng5 h6 25. Nf3 Rhf8 26. Ba2 Rac8 27. Ne5+
Bxe5 28. dxe5 Rxc3 29. Rfd1+ Ke7 30. Rbc1 Rxc1 31. Rxc1 Rc8 32. Rd1 b4 33. f4 a5
34. Bb3 Rc3 35. Ba4 Bc6 36. Bxc6 Rxc6 37. Ra1 b3 38. Kf2 b2 39. Rb1 Rb6 40. Ke3
a4 41. Kd3 a3 0-1

[Event "SportAccord Blitz w 2014"]
[Site "Beijing CHN"]
[Date "2014.12.13"]
[Round "3.4"]
[White "Muzychuk, Mariya"]
[Black "Harika, Dronavalli"]
[Result "1/2-1/2"]
[WhiteTitle "IM"]
[BlackTitle "GM"]
[WhiteElo "2529"]
[BlackElo "2505"]
[WhiteFideId "14114550"]
[BlackFideId "5015197"]
[EventDate "2014.12.13"]

1. e4 c5 2. Nf3 Nc6 3. Bb5 e5 4. O-O Bd6 5. d3 Nge7 6. c3 O-O 7. Be3 a6 8. Ba4
b5 9. Bb3 Bb7 10. Nbd2 Na5 11. Bc2 Ng6 12. d4 cxd4 13. cxd4 Rc8 14. Rc1 Bb8 15.
d5 Nc4 16. Nxc4 Rxc4 17. Bd3 Rxc1 18. Qxc1 Bd6 19. Qd2 Qb8 20. Rc1 Rc8 21. a3
Rxc1+ 22. Qxc1 Qc7 23. Qxc7 Bxc7 24. b4 Ne7 25. Nd2 f5 26. f3 fxe4 27. fxe4 Nc8
28. Nb3 d6 29. Kf2 Kf7 30. h4 Bd8 31. h5 h6 32. g4 Bb6 33. Na5 Ba8 34. Bc2 Bxe3+
35. Kxe3 Nb6 36. Bb3 Kf6 37. Kf3 Ke7 38. Ke3 Kf6 39. Kf3 Kg5 40. Nc6 Bxc6 41.
dxc6 Na8 42. Be6 Nc7 43. Bc8 Kf6 44. Kg3 Kg5 45. Kf3 Kf6 46. Kg3 Kg5 47. Kf3 Kf6
48. Kg3 1/2-1/2

[Event "SportAccord Blitz w 2014"]
[Site "Beijing CHN"]
[Date "2014.12.13"]
[Round "3.5"]
[White "Zhao, Xue"]
[Black "Kosintseva, Tatiana"]
[Result "1-0"]
[WhiteTitle "GM"]
[BlackTitle "GM"]
[WhiteElo "2514"]
[BlackElo "2483"]
[WhiteFideId "8601283"]
[BlackFideId "4133471"]
[EventDate "2014.12.13"]

1. d4 Nf6 2. c4 e6 3. Nf3 Bb4+ 4. Nbd2 O-O 5. a3 Be7 6. e3 d5 7. b3 c5 8. Bd3
cxd4 9. exd4 b6 10. O-O Bb7 11. Bb2 Nbd7 12. Re1 Rc8 13. Rc1 Re8 14. Bb1 Bf8 15.
Qe2 g6 16. Qe3 Bg7 17. Ne5 Nb8 18. c5 bxc5 19. dxc5 Nc6 20. Ndf3 d4 21. Nxd4
Nxe5 22. Qxe5 Nh5 23. Qe3 e5 24. Nb5 Nf4 25. Be4 Bxe4 26. Qxe4 Nd3 27. Rcd1 Nxe1
28. Rxd8 Rexd8 29. Qxe1 Rxc5 30. a4 Rc2 31. Bc1 a6 32. Na3 Rc3 33. g3 Rxb3 34.
Nc4 Rb1 35. Nd2 Ra1 36. Nb3 Rb1 37. Nd2 Ra1 38. Kg2 Rc8 39. Nb3 Rb1 40. Qe3 f5
41. Nc5 f4 42. Qc3 e4 43. Qc4+ Kh8 44. Qe6 Rf8 45. Nd7 Rg8 46. Ba3 f3+ 47. Kh3
Ra1 48. Bd6 Rxa4 49. Be5 Ra5 50. Bxg7+ Rxg7 51. Nf6 h6 52. Qe8+ 1-0

[Event "SportAccord Blitz w 2014"]
[Site "Beijing CHN"]
[Date "2014.12.13"]
[Round "3.6"]
[White "Dzagnidze, Nana"]
[Black "Muzychuk, Anna"]
[Result "1-0"]
[WhiteTitle "GM"]
[BlackTitle "GM"]
[WhiteElo "2570"]
[BlackElo "2545"]
[WhiteFideId "13601903"]
[BlackFideId "14111330"]
[EventDate "2014.12.13"]

1. d4 Nf6 2. c4 e6 3. Nf3 c5 4. d5 b5 5. Bf4 Bb7 6. Nc3 exd5 7. Nxd5 Bxd5 8.
cxd5 d6 9. a4 b4 10. e4 Be7 11. Bb5+ Nbd7 12. O-O O-O 13. Nd2 a6 14. Bc6 Ra7 15.
Re1 Nb8 16. Nc4 Nxc6 17. dxc6 Rc7 18. Nxd6 Rxc6 19. Nf5 Qe8 20. e5 Nd7 21. Qd5
Re6 22. a5 Bd8 23. Rad1 Nf6 24. Qxc5 Nh5 25. Bg3 Qa4 26. Rd5 Bg5 27. Red1 Qb3
28. h3 g6 29. R1d3 Qxb2 30. Nd6 Nxg3 31. fxg3 b3 32. Kh2 Qb1 33. Ne4 Be7 34. Qc4
Rb8 35. Nc5 Rc6 36. Rd7 Rxc5 37. Qf4 Re8 38. e6 f5 39. Qh6 Qb2 40. Rxe7 Qh8 41.
Rxe8# 1-0

[Event "SportAccord Blitz w 2014"]
[Site "Beijing CHN"]
[Date "2014.12.13"]
[Round "3.7"]
[White "Paehtz, Elisabeth"]
[Black "Hou, Yifan"]
[Result "0-1"]
[WhiteTitle "IM"]
[BlackTitle "GM"]
[WhiteElo "2485"]
[BlackElo "2673"]
[WhiteFideId "4641833"]
[BlackFideId "8602980"]
[EventDate "2014.12.13"]

1. e4 c5 2. Nc3 g6 3. f4 Bg7 4. Nf3 Nc6 5. Bb5 Nd4 6. Bd3 d6 7. Nxd4 cxd4 8. Ne2
Nf6 9. O-O O-O 10. c3 dxc3 11. Nxc3 d5 12. e5 Ne4 13. Qe2 Nc5 14. b3 f6 15. Bc2
fxe5 16. fxe5 Rxf1+ 17. Kxf1 Qf8+ 18. Kg1 Qf4 19. Ba3 Bg4 20. Qf2 Qxf2+ 21. Kxf2
b6 22. d4 Ne6 23. Nxd5 Nxd4 24. Be4 Rf8+ 25. Kg1 Bxe5 26. Nxe7+ Kg7 27. Re1 Ne2+
28. Kh1 Bc3 29. Rb1 Re8 30. Bc6 Rd8 31. Nd5 Be5 32. Ne3 Be6 33. Bf3 Nd4 34. Be4
Nb5 35. Bb4 a5 36. Be1 Nc3 37. Bxc3 Bxc3 38. Nc4 b5 39. Na3 b4 40. Nc4 Bxc4 41.
bxc4 Rd2 42. c5 Rxa2 43. c6 Be5 44. Rc1 Rd2 45. g3 Bc7 46. Bf3 Kf6 47. Re1 b3
48. Bg4 b2 49. Bf3 Rc2 50. Bd1 0-1